| 000 | 00320nam a22001217a 4500 | ||
|---|---|---|---|
| 020 | _a87762-343-0 | ||
| 082 | _a620.193 CAR'H | ||
| 100 |
_aHILADO, CARLS J _967624 |
||
| 245 | _aCARBON REINFORCED EPOXY SYSTEM PART-V, MATERIALS TECHNOLOGY SERIES | ||
| 250 | _aVOL-13 | ||
| 260 |
_aHOLLAND _bTECHNOMIC _c1984 |
||
| 942 | _cBK | ||
| 999 |
_c575355 _d575355 |
||